The annual pledge report 2008/09 (Record no. 110666)
[ view plain ]
| 000 -LEADER | |
|---|---|
| fixed length control field | 01328cad a22002175a 4500 |
| 001 - CONTROL NUMBER | |
| control field | E149886 |
| 008 - FIXED-LENGTH DATA ELEMENTS--GENERAL INFORMATION | |
| fixed length control field | 100512s2010 xxk f f000 0 eng d |
| 035 ## - SYSTEM CONTROL NUMBER | |
| System control number | (Sirsi) u149886 |
| 041 0# - LANGUAGE CODE | |
| Language code of text/sound track or separate title | eng |
| 110 2# - MAIN ENTRY--CORPORATE NAME | |
| Corporate name or jurisdiction name as entry element | United Kingdom |
| Subordinate unit | Ministry of Justice |
| 9 (RLIN) | 5477 |
| 245 04 - TITLE STATEMENT | |
| Title | The annual pledge report 2008/09 |
| Remainder of title | monitoring the effectiveness of the government's commitment to using alternative dispute resolution |
| Medium | [electronic resource] |
| 260 ## - PUBLICATION, DISTRIBUTION, ETC. | |
| Place of publication, distribution, etc. | London |
| Name of publisher, distributor, etc. | Ministry of Justice |
| Date of publication, distribution, etc. | 2010 |
| 505 2# - FORMATTED CONTENTS NOTE | |
| Formatted contents note | The pledge commitments -- Introduction -- Reviewing progress -- Illustrative cases -- Developing awareness of ADR -- Other ADR activities |
| 520 ## - SUMMARY, ETC. | |
| Summary, etc. | Sets out details of the use of Alternative Dispute Resolution (ADR) in Government over the last year and discusses activities carried out under the Pledge,. Also gives details of how awareness of ADR use by government departments and agencies has been developed, and lists Other ADR activities within Government. |
| 521 ## - TARGET AUDIENCE NOTE | |
| Target audience note | Advanced |
| 590 ## - LOCAL NOTE (RLIN) | |
| Local note | KA NTK |
| 651 #4 - SUBJECT ADDED ENTRY--GEOGRAPHIC NAME | |
| Geographic name | England and Wales |
| Chronological subdivision | 1543- |
| 690 ## - LOCAL SUBJECT ADDED ENTRY--TOPICAL TERM (OCLC, RLIN) | |
| Topical term or geographic name as entry element | MANAGEMENT-DISPUTE AVOIDANCE, MANAGEMENT AND RESOLUTION-DISPUTE MANAGEMENT AND RESOLUTION |
| 856 40 - ELECTRONIC LOCATION AND ACCESS | |
| Uniform Resource Identifier | <a href="https://www.justice.gov.uk/publications/docs/alternative-dispute-resolution-08-09.pdf">https://www.justice.gov.uk/publications/docs/alternative-dispute-resolution-08-09.pdf</a> |
| Public note | View the report free of charge (PDF file) at www.justice.gov.uk |
| 942 ## - ADDED ENTRY ELEMENTS (KOHA) | |
| Suppress in OPAC | 0 |
| Withdrawn status | Lost status | Source of classification or shelving scheme | Damaged status | Not for loan | Home library | Current library | Shelving location | Date acquired | Total Checkouts | Full call number | Barcode | Date last seen | Copy number | Price effective from | Koha item type |
|---|---|---|---|---|---|---|---|---|---|---|---|---|---|---|---|
| Dewey Decimal Classification | Virtual | Virtual | Online | 12/05/2010 | ONLINE PUBLICATION | 149886-2001 | 06/08/2019 | 1 | 06/08/2019 | Book |